[Event "Team Championship (men blitz)"]
[Site "Sochi"]
[Date "2017.10.05"]
[Round "4.22"]
[White "Murzin, Volodar"]
[Black "Rozum, Ivan"]
[Result "1-0"]
[LiveChessVersion "1.4.8"]
[BlackElo "2553"]
[WhiteElo "2268"]

1. e4 {[%clk 0:03:03]} c6 {[%clk 0:03:03]} 2. d4 {[%clk 0:03:01]} d5
{[%clk 0:03:04]} 3. e5 {[%clk 0:03:01]} Bf5 {[%clk 0:03:04]} 4. Nf3
{[%clk 0:02:59]} e6 {[%clk 0:03:05]} 5. c3 {[%clk 0:02:56]} c5 {[%clk 0:03:04]}
6. Bb5+ {[%clk 0:02:44]} Nd7 {[%clk 0:03:05]} 7. O-O {[%clk 0:02:42]} a6
{[%clk 0:03:05]} 8. Bd3 {[%clk 0:02:42]} Bxd3 {[%clk 0:03:06]} 9. Qxd3
{[%clk 0:02:43]} Ne7 {[%clk 0:03:06]} 10. Bg5 {[%clk 0:02:39]} h6
{[%clk 0:03:03]} 11. Bxe7 {[%clk 0:02:38]} Bxe7 {[%clk 0:03:04]} 12. Nbd2
{[%clk 0:02:39]} Rc8 {[%clk 0:02:51]} 13. Rfe1 {[%clk 0:02:40]} O-O
{[%clk 0:02:50]} 14. Nf1 {[%clk 0:02:34]} Qb6 {[%clk 0:02:50]} 15. Qd2
{[%clk 0:02:28]} cxd4 {[%clk 0:02:51]} 16. Nxd4 {[%clk 0:02:23]} Qc7
{[%clk 0:02:47]} 17. Qe2 {[%clk 0:02:12]} Rfe8 {[%clk 0:02:38]} 18. Ng3
{[%clk 0:02:12]} Bf8 {[%clk 0:02:31]} 19. Kh1 {[%clk 0:02:07]} Qc4
{[%clk 0:02:29]} 20. Qg4 {[%clk 0:01:57]} Qd3 {[%clk 0:02:26]} 21. f4
{[%clk 0:01:54]} Qg6 {[%clk 0:02:18]} 22. Qf3 {[%clk 0:01:46]} f5
{[%clk 0:02:19]} 23. Ngxf5 {[%clk 0:01:32]} Nc5 {[%clk 0:01:47]} 24. Ng3
{[%clk 0:01:33]} Rcd8 {[%clk 0:01:45]} 25. Re2 {[%clk 0:01:27]} Be7
{[%clk 0:01:46]} 26. Qh5 {[%clk 0:01:19]} Qxh5 {[%clk 0:01:40]} 27. Nxh5
{[%clk 0:01:19]} Rf8 {[%clk 0:01:38]} 28. b4 {[%clk 0:01:14]} Ne4
{[%clk 0:01:20]} 29. Nxe6 {[%clk 0:01:15]} Rf5 {[%clk 0:01:16]} 30. Nhxg7
{[%clk 0:01:08]} Rf7 {[%clk 0:00:50]} 31. Nxd8 {[%clk 0:01:09]} Rxg7
{[%clk 0:00:51]} 32. Ne6 {[%clk 0:01:08]} Rf7 {[%clk 0:00:43]} 33. Re3
{[%clk 0:01:06]} Rf5 {[%clk 0:00:42]} 34. g4 {[%clk 0:00:57]} Rf7
{[%clk 0:00:26]} 35. Kg2 {[%clk 0:00:52]} h5 {[%clk 0:00:24]} 36. h3
{[%clk 0:00:49]} Rh7 {[%clk 0:00:07]} 37. Rd1 {[%clk 0:00:43]} Rh6
{[%clk 0:00:08]} 38. Rxd5 {[%clk 0:00:41]} 1-0

[Event "Team Championship (men blitz)"]
[Site "Sochi"]
[Date "2017.10.05"]
[Round "4.23"]
[White "Moiseenko, Vadim"]
[Black "Poliakov, Artem"]
[Result "1-0"]
[LiveChessVersion "1.4.8"]
[BlackElo "2185"]
[WhiteElo "2497"]

1. e4 {[%clk 0:03:03]} d6 {[%clk 0:02:52]} 2. d4 {[%clk 0:03:04]} Nf6
{[%clk 0:02:53]} 3. Nc3 {[%clk 0:03:05]} e5 {[%clk 0:02:54]} 4. Nf3
{[%clk 0:03:07]} Nbd7 {[%clk 0:02:55]} 5. Rg1 {[%clk 0:03:08]} exd4
{[%clk 0:02:38]} 6. Nxd4 {[%clk 0:03:09]} Nc5 {[%clk 0:02:39]} 7. Qe2
{[%clk 0:02:58]} g6 {[%clk 0:02:36]} 8. e5 {[%clk 0:02:41]} dxe5 {[%clk 0:02:37]}
9. Qxe5+ {[%clk 0:02:42]} Qe7 {[%clk 0:02:38]} 10. Bf4 {[%clk 0:02:36]} c6
{[%clk 0:02:19]} 11. O-O-O {[%clk 0:02:22]} Qxe5 {[%clk 0:02:20]} 12. Bxe5
{[%clk 0:02:23]} Bh6+ {[%clk 0:02:20]} 13. Kb1 {[%clk 0:02:22]} Ncd7
{[%clk 0:02:19]} 14. Bd6 {[%clk 0:02:21]} Kd8 {[%clk 0:02:13]} 15. Bc4
{[%clk 0:02:21]} Nf8 {[%clk 0:01:52]} 16. Bxf7 {[%clk 0:02:18]} Bd7
{[%clk 0:01:50]} 17. Rge1 {[%clk 0:02:18]} Ng4 {[%clk 0:01:24]} 18. Bg3
{[%clk 0:02:05]} Kc8 {[%clk 0:01:13]} 19. h3 {[%clk 0:02:02]} Nf6
{[%clk 0:01:12]} 20. Be5 {[%clk 0:01:53]} Bg7 {[%clk 0:01:12]} 21. Ne4
{[%clk 0:01:50]} Nh5 {[%clk 0:01:09]} 22. Nd6+ {[%clk 0:01:48]} Kc7
{[%clk 0:01:02]} 23. Ne8+ {[%clk 0:01:48]} Kc8 {[%clk 0:01:02]} 24. Nxg7
{[%clk 0:01:46]} 1-0

[Event "Team Championship (men blitz)"]
[Site "Sochi"]
[Date "2017.10.05"]
[Round "4.24"]
[White "Maltsevskaya, Aleksandra"]
[Black "Gogolev, Artem"]
[Result "0-1"]
[LiveChessVersion "1.4.8"]
[BlackElo "2330"]
[WhiteElo "2203"]

1. e4 {[%clk 0:03:03]} c6 {[%clk 0:03:01]} 2. Nc3 {[%clk 0:03:02]} d5
{[%clk 0:03:02]} 3. Nf3 {[%clk 0:03:03]} Nf6 {[%clk 0:03:01]} 4. e5
{[%clk 0:03:00]} Ne4 {[%clk 0:03:02]} 5. Ne2 {[%clk 0:03:00]} Qb6
{[%clk 0:03:01]} 6. d4 {[%clk 0:03:01]} e6 {[%clk 0:02:46]} 7. Ng3
{[%clk 0:02:58]} c5 {[%clk 0:02:44]} 8. Bd3 {[%clk 0:02:56]} Nxg3
{[%clk 0:02:42]} 9. hxg3 {[%clk 0:02:57]} cxd4 {[%clk 0:02:36]} 10. Ng5
{[%clk 0:02:36]} Nc6 {[%clk 0:01:57]} 11. Bf4 {[%clk 0:02:36]} Bd7
{[%clk 0:01:47]} 12. Qf3 {[%clk 0:00:33]} Qxb2 {[%clk 0:01:17]} 13. O-O
{[%clk 0:00:24]} Qb6 {[%clk 0:01:04]} 14. Nxh7 {[%clk 0:00:08]} Be7
{[%clk 0:00:40]} 15. Qg4 {[%clk 0:00:08]} g6 {[%clk 0:00:24]} 16. Ng5
{[%clk 0:00:05]} Rf8 {[%clk 0:00:20]} 17. Nh7 {[%clk 0:00:04]} Rg8
{[%clk 0:00:16]} 18. Rab1 {[%clk 0:00:03]} Qc7 0-1

[Event "Team Championship (men blitz)"]
[Site "Sochi"]
[Date "2017.10.05"]
[Round "4.25"]
[White "Kezin, Roman"]
[Black "Kurbedinov, Ramis"]
[Result "1/2-1/2"]
[LiveChessVersion "1.4.8"]
[BlackElo "2259"]
[WhiteElo "2514"]

1. d4 {[%clk 0:03:03]} Nf6 {[%clk 0:03:03]} 2. c4 {[%clk 0:03:04]} e6
{[%clk 0:03:04]} 3. g3 {[%clk 0:03:05]} d5 {[%clk 0:03:03]} 4. Bg2
{[%clk 0:03:06]} Bb4+ {[%clk 0:03:04]} 5. Bd2 {[%clk 0:03:07]} Qe7
{[%clk 0:03:05]} 6. Nf3 {[%clk 0:03:06]} O-O {[%clk 0:03:04]} 7. O-O
{[%clk 0:03:06]} Bxd2 {[%clk 0:03:04]} 8. Nbxd2 {[%clk 0:03:06]} c6
{[%clk 0:03:01]} 9. Qc2 {[%clk 0:03:07]} Nbd7 {[%clk 0:02:58]} 10. e4
{[%clk 0:03:08]} dxe4 {[%clk 0:02:55]} 11. Nxe4 {[%clk 0:03:08]} e5
{[%clk 0:02:47]} 12. Rfe1 {[%clk 0:02:52]} exd4 {[%clk 0:02:42]} 13. Nxd4
{[%clk 0:02:42]} Nc5 {[%clk 0:02:34]} 14. Nc3 {[%clk 0:02:20]} Qc7
{[%clk 0:02:31]} 15. h3 {[%clk 0:02:07]} a5 {[%clk 0:02:22]} 16. Rad1
{[%clk 0:02:07]} Be6 {[%clk 0:02:17]} 17. b3 {[%clk 0:01:35]} Rfd8
{[%clk 0:02:11]} 18. Nf3 {[%clk 0:01:33]} Rxd1 {[%clk 0:02:08]} 19. Rxd1
{[%clk 0:01:34]} Rd8 {[%clk 0:02:00]} 20. Nd4 {[%clk 0:01:30]} Bc8
{[%clk 0:01:45]} 21. Kh2 {[%clk 0:01:25]} g6 {[%clk 0:01:40]} 22. Qe2
{[%clk 0:01:23]} Ne6 {[%clk 0:01:38]} 23. Nxe6 {[%clk 0:01:13]} Bxe6
{[%clk 0:01:39]} 24. Rxd8+ {[%clk 0:01:12]} Qxd8 {[%clk 0:01:40]} 25. Qe5
{[%clk 0:01:13]} Nd7 {[%clk 0:01:14]} 26. Qd6 {[%clk 0:01:12]} Qf6
{[%clk 0:01:06]} 27. Ne4 {[%clk 0:01:12]} Qe5 {[%clk 0:00:48]} 28. Qe7
{[%clk 0:00:54]} Bf5 {[%clk 0:00:33]} 29. Qxe5 {[%clk 0:00:28]} Nxe5
{[%clk 0:00:34]} 30. Nd6 {[%clk 0:00:29]} Bb1 {[%clk 0:00:35]} 31. Nxb7
{[%clk 0:00:29]} a4 {[%clk 0:00:27]} 32. bxa4 {[%clk 0:00:25]} Bxa2
{[%clk 0:00:20]} 33. a5 {[%clk 0:00:16]} Bxc4 {[%clk 0:00:10]} 34. Nc5
{[%clk 0:00:17]} Nd3 {[%clk 0:00:12]} 35. a6 {[%clk 0:00:17]} Bxa6
{[%clk 0:00:09]} 36. Nxa6 {[%clk 0:00:18]} Nxf2 {[%clk 0:00:11]} 37. Bxc6
{[%clk 0:00:19]} Nd3 {[%clk 0:00:10]} 38. Be4 {[%clk 0:00:19]} Ne5
{[%clk 0:00:11]} 39. Bd5 {[%clk 0:00:20]} Kg7 {[%clk 0:00:12]} 40. Nc5
{[%clk 0:00:21]} h5 {[%clk 0:00:12]} 41. Kg2 {[%clk 0:00:22]} g5 {[%clk 0:00:11]}
42. Kf2 {[%clk 0:00:23]} f5 {[%clk 0:00:11]} 43. Ke3 {[%clk 0:00:23]} Kf6
{[%clk 0:00:09]} 44. Bb3 {[%clk 0:00:19]} Ng6 {[%clk 0:00:08]} 45. Bc2
{[%clk 0:00:18]} f4+ {[%clk 0:00:08]} 46. gxf4 {[%clk 0:00:12]} Nxf4
{[%clk 0:00:09]} 47. Ne4+ {[%clk 0:00:12]} Kg6 {[%clk 0:00:10]} 48. Nf2+
{[%clk 0:00:06]} Kf6 {[%clk 0:00:09]} 49. Bd1 {[%clk 0:00:05]} Nd5+ 50. Kd4 Nf4
{[%clk 0:00:09]} 51. Ke4 {[%clk 0:00:04]} Ne6 {[%clk 0:00:09]} 52. Bxh5
{[%clk 0:00:05]} Nf4 {[%clk 0:00:08]} 53. Bg4 Ng6 {[%clk 0:00:08]} 54. Kf3
{[%clk 0:00:06]} Ne5+ {[%clk 0:00:10]} 55. Kg3 {[%clk 0:00:07]} Ng6
{[%clk 0:00:11]} 56. Ne4+ {[%clk 0:00:08]} Ke5 {[%clk 0:00:11]} 57. Nxg5
{[%clk 0:00:08]} Nf4 {[%clk 0:00:12]} 58. Nf7+ {[%clk 0:00:07]} Kf6
{[%clk 0:00:13]} 59. Nd6 {[%clk 0:00:05]} Ng6 {[%clk 0:00:12]} 60. Kh4
{[%clk 0:00:07]} Ke5+ 61. Nf5 {[%clk 0:00:07]} Kf4+ {[%clk 0:00:15]} 62. Kh5
{[%clk 0:00:07]} Ke5 {[%clk 0:00:16]} 63. Kg5 {[%clk 0:00:08]} Ke4
{[%clk 0:00:17]} 64. Ng3+ {[%clk 0:00:08]} Ke3 {[%clk 0:00:19]} 65. Kf5
{[%clk 0:00:09]} Kd4 {[%clk 0:00:20]} 66. Kf4 {[%clk 0:00:08]} Kd5+
{[%clk 0:00:21]} 67. Nf5 {[%clk 0:00:08]} Ke6+ {[%clk 0:00:22]} 68. Ne3+
{[%clk 0:00:07]} Kf6+ {[%clk 0:00:23]} 69. Bf5 {[%clk 0:00:08]} Ke7+
{[%clk 0:00:25]} 70. Ke5 {[%clk 0:00:09]} Kf7+ {[%clk 0:00:25]} 71. Nd5
{[%clk 0:00:10]} Kg7+ {[%clk 0:00:25]} 72. Ke6 {[%clk 0:00:11]} Kf8
{[%clk 0:00:26]} 73. Kf6 {[%clk 0:00:10]} Kg8 {[%clk 0:00:27]} 74. Ne7+
{[%clk 0:00:10]} Kh8 {[%clk 0:00:25]} 75. Be6 Kh7 76. Nxg6 {[%clk 0:00:11]} Kh6
{[%clk 0:00:28]} 77. Bg8 {[%clk 0:00:11]} Kh5 {[%clk 0:00:30]} 78. Be6
{[%clk 0:00:09]} Kh6 {[%clk 0:00:31]} 79. Nf8 {[%clk 0:00:08]} Kh5
{[%clk 0:00:32]} 80. Bf5 {[%clk 0:00:07]} Kh6 {[%clk 0:00:34]} 81. Ne6 Kh5 82.
Ke5 {[%clk 0:00:06]} Kh6 {[%clk 0:00:37]} 83. Kf4 {[%clk 0:00:06]} Kh5
{[%clk 0:00:37]} 84. Ng7+ {[%clk 0:00:05]} Kh6 {[%clk 0:00:39]} 85. Ne6
{[%clk 0:00:06]} Kh5 {[%clk 0:00:40]} 86. Be4 {[%clk 0:00:05]} Kh6
{[%clk 0:00:41]} 87. Kf5 {[%clk 0:00:05]} Kh7 {[%clk 0:00:42]} 88. Kf6+
{[%clk 0:00:07]} Kh8 {[%clk 0:00:44]} 89. Ng5 {[%clk 0:00:06]} Kg8
{[%clk 0:00:45]} 90. Nf7 {[%clk 0:00:07]} Kf8 {[%clk 0:00:47]} 91. Bh7
{[%clk 0:00:08]} Ke8 {[%clk 0:00:48]} 92. Ke6 Kf8 93. Kf6 Ke8 94. Bf5
{[%clk 0:00:08]} Kf8 {[%clk 0:00:53]} 95. Nh6 {[%clk 0:00:09]} Ke8
{[%clk 0:00:54]} 96. Ke6 {[%clk 0:00:05]} Kf8 {[%clk 0:00:56]} 97. Kf6
{[%clk 0:00:06]} Ke8 {[%clk 0:00:57]} 98. Nf7 Kf8 99. Bh7 {[%clk 0:00:06]} Ke8
{[%clk 0:01:01]} 100. Ne5 {[%clk 0:00:04]} Kf8 {[%clk 0:01:02]} 101. Ng6+
{[%clk 0:00:04]} Ke8 {[%clk 0:01:04]} 102. Ke6 {[%clk 0:00:05]} Kd8
{[%clk 0:01:05]} 103. Ne5 {[%clk 0:00:04]} Ke8 {[%clk 0:01:07]} 104. Nd7
{[%clk 0:00:05]} Kd8 {[%clk 0:01:08]} 105. Kd6 {[%clk 0:00:06]} Ke8
{[%clk 0:01:09]} 106. Bg6+ Kd8 107. Nc5 {[%clk 0:00:05]} Kc8 {[%clk 0:01:13]}
108. Be4 {[%clk 0:00:05]} Kd8 {[%clk 0:01:14]} 109. Bc6 {[%clk 0:00:06]} Kc8
{[%clk 0:01:16]} 110. Ne6 {[%clk 0:00:07]} Kb8 {[%clk 0:01:17]} 111. Kc5
{[%clk 0:00:06]} Kc8 {[%clk 0:01:19]} 112. Kb6 {[%clk 0:00:07]} Kb8
{[%clk 0:01:20]} 113. Bd7 {[%clk 0:00:08]} Ka8 {[%clk 0:01:20]} 114. Nc5
{[%clk 0:00:08]} 1/2-1/2

[Event "Team Championship (men blitz)"]
[Site "Sochi"]
[Date "2017.10.05"]
[Round "4.26"]
[White "Iljin, Timofey"]
[Black "Antonenko, Vladimir"]
[Result "1/2-1/2"]
[LiveChessVersion "1.4.8"]
[BlackElo "2423"]
[WhiteElo "2373"]

1. d4 {[%clk 0:03:03]} Nf6 {[%clk 0:03:03]} 2. c4 {[%clk 0:03:05]} e6
{[%clk 0:03:04]} 3. Nc3 {[%clk 0:03:06]} d5 {[%clk 0:03:06]} 4. cxd5
{[%clk 0:03:07]} exd5 {[%clk 0:03:07]} 5. Bg5 {[%clk 0:03:09]} c6
{[%clk 0:03:08]} 6. Qc2 {[%clk 0:03:08]} Nbd7 {[%clk 0:03:07]} 7. e3
{[%clk 0:03:09]} Bd6 {[%clk 0:03:08]} 8. Bd3 h6 9. Bh4 {[%clk 0:03:06]} O-O
{[%clk 0:03:10]} 10. Nge2 {[%clk 0:03:07]} Re8 {[%clk 0:03:11]} 11. Bh7+
{[%clk 0:02:50]} Kh8 {[%clk 0:03:11]} 12. Bf5 {[%clk 0:02:51]} Nb6
{[%clk 0:03:02]} 13. O-O {[%clk 0:02:42]} Be7 {[%clk 0:02:48]} 14. Bd3
{[%clk 0:02:11]} Bd6 {[%clk 0:02:08]} 15. Bf5 {[%clk 0:02:07]} Nc4
{[%clk 0:01:56]} 16. b3 {[%clk 0:01:51]} Nb6 {[%clk 0:01:45]} 17. Rad1
{[%clk 0:01:50]} Bd7 {[%clk 0:01:35]} 18. Rfe1 {[%clk 0:01:29]} Rc8
{[%clk 0:01:19]} 19. Qd3 {[%clk 0:01:21]} Rc7 {[%clk 0:01:17]} 20. a4
{[%clk 0:01:12]} a5 {[%clk 0:01:18]} 21. Bg3 {[%clk 0:00:59]} Nc8
{[%clk 0:01:12]} 22. Nf4 {[%clk 0:00:41]} Bxf5 {[%clk 0:00:59]} 23. Qxf5
{[%clk 0:00:42]} g6 {[%clk 0:01:00]} 24. Qh3 {[%clk 0:00:31]} Kg7
{[%clk 0:01:01]} 25. Nd3 {[%clk 0:00:29]} Bxg3 {[%clk 0:00:57]} 26. Qxg3
{[%clk 0:00:30]} Nd6 {[%clk 0:00:55]} 27. Ne5 {[%clk 0:00:30]} Nde4
{[%clk 0:00:46]} 28. Nxe4 {[%clk 0:00:31]} Nxe4 {[%clk 0:00:47]} 29. Qf3
{[%clk 0:00:30]} f6 {[%clk 0:00:46]} 30. Nd3 {[%clk 0:00:31]} Qd6
{[%clk 0:00:34]} 31. h4 {[%clk 0:00:25]} g5 {[%clk 0:00:32]} 32. h5
{[%clk 0:00:24]} Qe6 {[%clk 0:00:31]} 33. Rc1 {[%clk 0:00:23]} Rf7
{[%clk 0:00:29]} 34. Qe2 {[%clk 0:00:15]} Nd6 {[%clk 0:00:20]} 35. Nc5
{[%clk 0:00:16]} Qf5 {[%clk 0:00:19]} 36. Qd2 {[%clk 0:00:16]} Ra8
{[%clk 0:00:16]} 37. f3 {[%clk 0:00:14]} g4 {[%clk 0:00:10]} 38. e4
{[%clk 0:00:16]} dxe4 39. fxe4 Qxh5 {[%clk 0:00:10]} 40. Ne6+ {[%clk 0:00:18]}
Kh8 {[%clk 0:00:09]} 41. Qf4 {[%clk 0:00:19]} Ne8 {[%clk 0:00:08]} 42. Rc5
{[%clk 0:00:20]} Qg6 {[%clk 0:00:08]} 43. Rf5 {[%clk 0:00:14]} Ng7
{[%clk 0:00:07]} 44. Nxg7 {[%clk 0:00:14]} Kxg7 {[%clk 0:00:07]} 45. Rf1
{[%clk 0:00:16]} h5 46. e5 Raf8 {[%clk 0:00:08]} 47. e6 {[%clk 0:00:18]} Re7
{[%clk 0:00:09]} 48. Qd6 {[%clk 0:00:12]} Rfe8 {[%clk 0:00:10]} 49. Rxf6
{[%clk 0:00:11]} Qxf6 {[%clk 0:00:11]} 50. Rxf6 Kxf6 {[%clk 0:00:12]} 51. Qe5+
{[%clk 0:00:14]} Kg6 {[%clk 0:00:14]} 52. Qe4+ {[%clk 0:00:14]} Kg7
{[%clk 0:00:13]} 53. Qe5+ {[%clk 0:00:14]} Kg6 {[%clk 0:00:14]} 54. Qe4+
{[%clk 0:00:15]} Kh6 {[%clk 0:00:14]} 55. Qf4+ {[%clk 0:00:16]} Kg6
{[%clk 0:00:14]} 56. Qe4+ {[%clk 0:00:14]} Kg7 {[%clk 0:00:14]} 57. Qe5+
{[%clk 0:00:10]} Kg6 {[%clk 0:00:15]} 58. Qe4+ {[%clk 0:00:06]} Kg7
{[%clk 0:00:15]} 59. Qe5+ {[%clk 0:00:07]} Kg6 {[%clk 0:00:16]} 60. Qe4+
{[%clk 0:00:07]} Kg7 {[%clk 0:00:17]} 61. Qe5+ {[%clk 0:00:05]} Kg6
{[%clk 0:00:18]} 62. Qe4+ {[%clk 0:00:06]} Kg7 {[%clk 0:00:19]} 63. Qe5+
{[%clk 0:00:07]} Kg6 {[%clk 0:00:20]} 64. Qe4+ {[%clk 0:00:07]} Kg7
{[%clk 0:00:22]} 65. d5 {[%clk 0:00:06]} cxd5 {[%clk 0:00:22]} 66. Qxd5
{[%clk 0:00:07]} Kg6 {[%clk 0:00:24]} 67. Qe4+ {[%clk 0:00:08]} Kg7
{[%clk 0:00:25]} 68. Qe5+ {[%clk 0:00:09]} Kg6 {[%clk 0:00:27]} 69. Qe4+
{[%clk 0:00:11]} Kg7 70. Qd4+ Kg6 {[%clk 0:00:28]} 71. Qd3+ {[%clk 0:00:14]} Kg7
{[%clk 0:00:28]} 72. Qc3+ {[%clk 0:00:14]} Kg6 {[%clk 0:00:29]} 73. Qd3+
{[%clk 0:00:13]} Kf6 {[%clk 0:00:29]} 74. Qc3+ {[%clk 0:00:12]} Kg6
{[%clk 0:00:28]} 75. Qc2+ {[%clk 0:00:10]} Kg5 {[%clk 0:00:27]} 76. Qc5+
{[%clk 0:00:11]} Kg6 {[%clk 0:00:28]} 77. Qc2+ {[%clk 0:00:11]} Kg5
{[%clk 0:00:29]} 78. Qd2+ {[%clk 0:00:10]} Kg6 {[%clk 0:00:30]} 79. Qd3+
{[%clk 0:00:11]} Kg5 {[%clk 0:00:30]} 80. Qd5+ {[%clk 0:00:11]} Kg6 81. Qe4+ Kg5
{[%clk 0:00:31]} 82. Qe3+ {[%clk 0:00:13]} Kg6 {[%clk 0:00:32]} 83. Qd3+
{[%clk 0:00:14]} Kg5 {[%clk 0:00:33]} 84. Qd5+ {[%clk 0:00:15]} Kg6
{[%clk 0:00:34]} 85. Qd3+ {[%clk 0:00:15]} Kg5 {[%clk 0:00:35]} 86. Qd2+
{[%clk 0:00:17]} Kg6 87. Qc2+ Kg5 {[%clk 0:00:37]} 88. Qc1+ {[%clk 0:00:18]} Kg6
{[%clk 0:00:38]} 89. Qc2+ {[%clk 0:00:19]} Kg5 {[%clk 0:00:39]} 90. Qd2+
{[%clk 0:00:20]} Kg6 {[%clk 0:00:40]} 91. Qd3+ {[%clk 0:00:21]} Kg5
{[%clk 0:00:40]} 92. Qe3+ {[%clk 0:00:23]} Kg6 {[%clk 0:00:41]} 93. Qe4+
{[%clk 0:00:24]} Kg5 {[%clk 0:00:42]} 94. Qe5+ {[%clk 0:00:26]} Kg6
{[%clk 0:00:43]} 95. Qe4+ {[%clk 0:00:24]} Kg5 {[%clk 0:00:44]} 96. Qd5+
{[%clk 0:00:25]} Kg6 97. Qd3+ {[%clk 0:00:19]} Kg5 {[%clk 0:00:47]} 98. Qb5+
{[%clk 0:00:20]} Kg6 {[%clk 0:00:48]} 99. Qd3+ {[%clk 0:00:19]} Kg5
{[%clk 0:00:49]} 100. Qd2+ {[%clk 0:00:21]} Kg6 101. Qc2+ Kg5 102. Qc1+ Kg6
{[%clk 0:00:52]} 103. Qc2+ {[%clk 0:00:25]} Kg5 {[%clk 0:00:53]} 104. Qd2+
{[%clk 0:00:26]} Kg6 {[%clk 0:00:54]} 105. Qd3+ {[%clk 0:00:28]} Kg5
{[%clk 0:00:55]} 106. Qe3+ {[%clk 0:00:29]} Kg6 {[%clk 0:00:55]} 107. Qe4+
{[%clk 0:00:30]} Kg5 {[%clk 0:00:56]} 108. Qd5+ {[%clk 0:00:18]} Kg6
{[%clk 0:00:57]} 109. Qd3+ {[%clk 0:00:15]} Kg5 {[%clk 0:00:58]} 110. Qd2+
{[%clk 0:00:16]} Kg6 {[%clk 0:00:59]} 1/2-1/2

[Event "Team Championship (men blitz)"]
[Site "Sochi"]
[Date "2017.10.05"]
[Round "4.27"]
[White "Gubsky, Egor"]
[Black "Papenin, Nikolai"]
[Result "1-0"]
[LiveChessVersion "1.4.8"]
[BlackElo "2334"]
[WhiteElo "2369"]

1. d4 {[%clk 0:03:03]} Nf6 {[%clk 0:03:04]} 2. c4 {[%clk 0:03:05]} c5 3. d5 b5
{[%clk 0:03:05]} 4. cxb5 {[%clk 0:03:07]} a6 {[%clk 0:03:07]} 5. bxa6
{[%clk 0:03:08]} g6 {[%clk 0:03:08]} 6. Nc3 {[%clk 0:03:09]} Bxa6
{[%clk 0:03:08]} 7. e4 {[%clk 0:03:10]} Bxf1 {[%clk 0:03:08]} 8. Kxf1
{[%clk 0:03:10]} d6 {[%clk 0:03:10]} 9. g3 {[%clk 0:03:11]} Bg7 {[%clk 0:03:11]}
10. Kg2 Nbd7 11. Nf3 {[%clk 0:03:13]} O-O {[%clk 0:03:13]} 12. a4
{[%clk 0:03:14]} Ng4 {[%clk 0:03:08]} 13. Nd2 {[%clk 0:03:14]} Nge5
{[%clk 0:03:04]} 14. Qe2 {[%clk 0:03:15]} f5 {[%clk 0:02:45]} 15. f4
{[%clk 0:03:11]} Nf7 {[%clk 0:02:35]} 16. exf5 {[%clk 0:03:11]} gxf5
{[%clk 0:02:36]} 17. Qe6 {[%clk 0:03:12]} Kh8 {[%clk 0:02:28]} 18. Qxf5
{[%clk 0:03:10]} Rb8 {[%clk 0:02:20]} 19. Nb5 {[%clk 0:03:01]} Nf6
{[%clk 0:01:58]} 20. Nf3 {[%clk 0:02:57]} Qa5 {[%clk 0:01:49]} 21. Bd2
{[%clk 0:02:48]} Qa8 {[%clk 0:01:47]} 22. Nc7 {[%clk 0:02:39]} Qa7
{[%clk 0:01:37]} 23. Ne6 {[%clk 0:02:40]} Rxb2 {[%clk 0:01:23]} 24. Nxf8
{[%clk 0:02:36]} Bxf8 {[%clk 0:01:22]} 25. Rhb1 {[%clk 0:02:36]} Rxb1
{[%clk 0:01:09]} 26. Rxb1 {[%clk 0:02:37]} Qxa4 {[%clk 0:01:10]} 27. Rb8
{[%clk 0:02:38]} Kg7 {[%clk 0:01:05]} 28. Bc3 {[%clk 0:02:36]} Nh6
{[%clk 0:00:54]} 29. Qc8 1-0

[Event "Team Championship (men blitz)"]
[Site "Sochi"]
[Date "2017.10.05"]
[Round "4.28"]
[White "Derjabin, Ilja"]
[Black "Bublei, Pavel"]
[Result "0-1"]
[LiveChessVersion "1.4.8"]
[BlackElo "2243"]
[WhiteElo "2388"]

1. d4 {[%clk 0:03:03]} d5 {[%clk 0:03:03]} 2. c4 {[%clk 0:03:04]} e6
{[%clk 0:03:03]} 3. Nc3 {[%clk 0:03:06]} Nf6 {[%clk 0:03:04]} 4. cxd5
{[%clk 0:03:07]} exd5 {[%clk 0:03:05]} 5. Bg5 {[%clk 0:03:08]} Be6
{[%clk 0:03:05]} 6. e3 {[%clk 0:03:09]} h6 {[%clk 0:03:05]} 7. Bh4
{[%clk 0:03:11]} Bd6 {[%clk 0:03:06]} 8. Bd3 {[%clk 0:03:11]} O-O
{[%clk 0:03:05]} 9. Nge2 {[%clk 0:03:12]} Re8 {[%clk 0:03:05]} 10. Qc2
{[%clk 0:03:11]} Nbd7 {[%clk 0:03:05]} 11. Bg3 {[%clk 0:03:04]} Bxg3
{[%clk 0:02:35]} 12. Nxg3 {[%clk 0:03:04]} c5 {[%clk 0:02:36]} 13. O-O
{[%clk 0:03:03]} cxd4 {[%clk 0:02:30]} 14. exd4 {[%clk 0:03:04]} Rc8
{[%clk 0:02:19]} 15. Rfe1 {[%clk 0:03:04]} a6 {[%clk 0:02:13]} 16. h3
{[%clk 0:02:56]} Qb6 {[%clk 0:02:12]} 17. Rad1 {[%clk 0:02:54]} Qd6
{[%clk 0:02:00]} 18. Nf5 {[%clk 0:02:40]} Bxf5 {[%clk 0:01:59]} 19. Bxf5
{[%clk 0:02:41]} Rxe1+ {[%clk 0:01:39]} 20. Rxe1 {[%clk 0:02:42]} Re8
{[%clk 0:01:39]} 21. Rxe8+ {[%clk 0:02:40]} Nxe8 {[%clk 0:01:40]} 22. Bg4
{[%clk 0:02:15]} Nef6 {[%clk 0:01:25]} 23. Bf3 {[%clk 0:02:17]} b5
{[%clk 0:01:15]} 24. Ne2 {[%clk 0:02:07]} Kf8 {[%clk 0:01:09]} 25. Qc8+
{[%clk 0:02:04]} Ke7 {[%clk 0:01:09]} 26. g3 {[%clk 0:01:58]} Nb8
{[%clk 0:00:31]} 27. Nf4 {[%clk 0:01:56]} g5 {[%clk 0:00:21]} 28. Nd3
{[%clk 0:01:41]} Nbd7 {[%clk 0:00:22]} 29. Qh8 {[%clk 0:01:38]} Ne4
{[%clk 0:00:15]} 30. Qh7 {[%clk 0:00:57]} Nxg3 {[%clk 0:00:07]} 31. Kg2
{[%clk 0:00:30]} Ne4 {[%clk 0:00:06]} 32. Bxe4 {[%clk 0:00:30]} dxe4
{[%clk 0:00:07]} 33. Qxe4+ {[%clk 0:00:31]} Kf6 {[%clk 0:00:06]} 34. Qh7
{[%clk 0:00:21]} Ke7 {[%clk 0:00:04]} 35. Qe4+ {[%clk 0:00:21]} Kf6
{[%clk 0:00:06]} 36. b3 {[%clk 0:00:19]} Qe6 {[%clk 0:00:04]} 37. Qa8
{[%clk 0:00:17]} Kg7 {[%clk 0:00:05]} 38. Qf3 {[%clk 0:00:09]} Qd6
{[%clk 0:00:05]} 39. Qe4 {[%clk 0:00:10]} Nf6 {[%clk 0:00:05]} 40. Qf3
{[%clk 0:00:11]} Qd5 {[%clk 0:00:06]} 41. Ne5 {[%clk 0:00:09]} Qxf3+
{[%clk 0:00:05]} 42. Kxf3 {[%clk 0:00:10]} Nd5 {[%clk 0:00:05]} 43. Nc6
{[%clk 0:00:11]} Nc3 {[%clk 0:00:05]} 44. a3 {[%clk 0:00:10]} Nb1
{[%clk 0:00:06]} 45. Nb8 {[%clk 0:00:10]} Nxa3 {[%clk 0:00:07]} 46. Nxa6
{[%clk 0:00:11]} Nc2 47. Ke4 Kf6 {[%clk 0:00:08]} 48. d5 Ke7 49. Kd3
{[%clk 0:00:10]} Ne1+ {[%clk 0:00:10]} 50. Kd4 {[%clk 0:00:11]} Nf3+
{[%clk 0:00:11]} 51. Kc5 {[%clk 0:00:13]} Nd2 {[%clk 0:00:11]} 52. Kc6
{[%clk 0:00:09]} Ne4 {[%clk 0:00:08]} 53. Kxb5 {[%clk 0:00:07]} Kd6
{[%clk 0:00:08]} 54. Kc4 {[%clk 0:00:08]} Nxf2 {[%clk 0:00:09]} 55. Nc5
{[%clk 0:00:09]} Nxh3 {[%clk 0:00:09]} 56. Ne4+ {[%clk 0:00:08]} Ke5
{[%clk 0:00:09]} 57. d6 Nf4 58. d7 Ne6 59. Nc5 Nd8 60. b4 g4 61. b5 g3 62. Nd3+
Kd6 63. Nf4 {[%clk 0:00:04]} Kxd7 64. Kc5 f5 {[%clk 0:00:15]} 65. Nd5
{[%clk 0:00:06]} h5 {[%clk 0:00:16]} 66. Nf4 h4 67. b6 {[%clk 0:00:05]} Nb7+ 68.
Kb5 Nd6+ {[%clk 0:10:19]} 69. Ka6 {[%clk 0:00:07]} Ke7 {[%clk 0:00:19]} 70. Nd5+
{[%clk 0:00:08]} Ke6 71. Nf4+ Ke5 {[%clk 0:00:21]} 72. Ng2 {[%clk 0:00:11]} h3
73. Ne3 {[%clk 0:00:12]} h2 {[%clk 0:00:21]} 74. Nc4+ {[%clk 0:00:13]} Nxc4 75.
b7 {[%clk 0:00:15]} h1=Q {[%clk 0:00:19]} 76. b8=Q+ Kf6 77. Qf8+ Ke5
{[%clk 0:00:12]} 78. Qe7+ {[%clk 0:00:16]} Kd4 {[%clk 0:00:12]} 79. Qa7+
{[%clk 0:00:14]} Kc3 {[%clk 0:00:12]} 80. Qg7+ {[%clk 0:00:14]} Kc2
{[%clk 0:00:12]} 81. Qxg3 Qc6+ 82. Ka7 {[%clk 0:00:14]} Qc5+ 83. Kb7 Qd5+ 84. Ka6
Qc6+ 85. Ka7 Qb6+ 86. Ka8 Qa6+ 87. Kb8 Qd6+ 88. Qxd6 Nxd6 0-1